000 01157nam a2200349 i 4500
001 000015010
003 DO-SdBNP
005 20250211103812.0
007 ta
008 100129s2007 dr 001 0 spa d
020 _a9789993462910
040 _aDO-SdBNP
_bspa
_cBNPHU
_erda
041 _hspa
082 _a860.44
_bC433p
_222
100 1 _aChahín, Plinio,
_d1959-
_eautor
_924881
245 1 0 _aPasión en el oficio de escribir /
_cPlinio Chahín.
264 _aSanto Domingo :
_bUASD,
_c2007.
300 _a177 páginas ;
_c23 cm.
336 _ardacontent
_btexto
_2txt
337 _ardamedia
_bsin mediación
_2n
338 _ardacarrier
_bvolumen
_2nc
490 1 _aLiteratura y sociedad
_v77
500 _aIncluye datos biográficos del autor en las solapas.
590 _aInventariado, 2025/DG
650 4 _aLiteratura hispanoamericana
_ySIGLO XX
_xHistoria y crítica
_923302
650 4 _aLiteratura dominicana
_xCrítica e interpretación
_9216
650 4 _aEnsayos hispanoamericano
_933977
710 1 _aUniversidad Autónoma de Santo Domingo
_972951
830 0 _aLiteratura y sociedad
_n77
_933978
910 _aDG
942 _2ddc
_cLBS1
999 _c14583
_d14583